000 00691nam a2200229 i 4500
001 8999
003 ES-MaACL
005 20230906145600.0
007 t|
008 930128s1992 sp ||||1| spa d
020 _a84-606-0633-3
080 _a86-14"19"
080 _a86(Macías,S.7 R.01)
100 1 _aMacías, Sergio.
_975215
245 1 3 _aLa Región de los últimos prodigios /
_cSergio Macías.
260 _aMurcia :
_bV Centenario, Comisión de Murcia,
_cD.L. 1992.
300 _a101 p. ;
_c22 cm.
490 1 _aColección carabelas. Poesía ;
_v1
830 0 _aColección carabelas. Poesía ;
_v1
_9228016
852 _aES-MaACL
_jL-16506
_bR.120930
999 _c8999
_d8999